000 00805nam a22002417a 4500
003 UA-OsUOA
001 48801
007 ta
008 20130814b un ||||| |||| 00| 0 ukr d
100 _aФедчук Б.
090 _a82-98/37
_bФ35
942 _cBR
040 _aUA-OsUOA
_bukr
_cUA-OsUOA
_dUA-OsUOA
245 _a100 загадок для наших діток
_bвосьма книжечка
300 _a47 с.
955 _a2
041 _aukr
080 _a82-98/37
260 _aТоронто
_bОб'єднання укранських педагогів у Канаді
_c1966
650 7 _a82 Література. Літературознавство
_2UDC
999 _c428923
_d428923